<?xml version="1.0" encoding="UTF-8"?>
<record
    xmlns:xsi="http://www.w3.org/2001/XMLSchema-instance"
    xsi:schemaLocation="http://www.loc.gov/MARC21/slim http://www.loc.gov/standards/marcxml/schema/MARC21slim.xsd"
    xmlns="http://www.loc.gov/MARC21/slim">

  <leader>02608cam a2200301 a 4500</leader>
  <controlfield tag="005">20171102094518.0</controlfield>
  <controlfield tag="008">080421s2008    ck abd  r     100 0 spa d</controlfield>
  <datafield tag="020" ind1=" " ind2=" ">
    <subfield code="a">9789589830116</subfield>
  </datafield>
  <datafield tag="040" ind1=" " ind2=" ">
    <subfield code="a">CO-BoPUJ</subfield>
    <subfield code="c">CO-BoIAVH</subfield>
    <subfield code="d">CO-BoIAVH</subfield>
  </datafield>
  <datafield tag="041" ind1="0" ind2=" ">
    <subfield code="a">spa</subfield>
    <subfield code="b">eng</subfield>
  </datafield>
  <datafield tag="044" ind1=" " ind2=" ">
    <subfield code="a">ck</subfield>
  </datafield>
  <datafield tag="082" ind1="0" ind2="4">
    <subfield code="a">338.911</subfield>
    <subfield code="b">S35I</subfield>
  </datafield>
  <datafield tag="111" ind1="2" ind2=" ">
    <subfield code="a">Seminario Fronteras en la globalizaci&#xF3;n</subfield>
    <subfield code="b">localidad, biodiversidad y comercio en la Amazon&#xED;a</subfield>
    <subfield code="d">(2007 oct. 31-nov. 2</subfield>
    <subfield code="c">Leticia)</subfield>
  </datafield>
  <datafield tag="245" ind1="1" ind2="0">
    <subfield code="a">Fronteras en la globalizaci&#xF3;n : </subfield>
    <subfield code="b">localidad, biodiversidad y comercio en la Amazonia / </subfield>
    <subfield code="c">editores Carlos G., Z&#xE1;rate Bot&#xED;a y Consuelo Ahumada Beltr&#xE1;n</subfield>
  </datafield>
  <datafield tag="250" ind1=" " ind2=" ">
    <subfield code="a">Primera edici&#xF3;n</subfield>
  </datafield>
  <datafield tag="260" ind1=" " ind2=" ">
    <subfield code="a">Bogot&#xE1; (Colombia) : </subfield>
    <subfield code="b">Observatorio Andino :</subfield>
    <subfield code="b">Pontificia Universidad Javeriana :</subfield>
    <subfield code="b">Fundaci&#xF3;n Konrad Adenauer,</subfield>
    <subfield code="c">2008.</subfield>
  </datafield>
  <datafield tag="300" ind1=" " ind2=" ">
    <subfield code="a">xii, 226 p&#xE1;ginas : </subfield>
    <subfield code="b">ilustraciones, cuadros y mapas ; </subfield>
    <subfield code="c">24 cm.</subfield>
  </datafield>
  <datafield tag="504" ind1=" " ind2=" ">
    <subfield code="a">Incluye referencias bibliogr&#xE1;ficas.</subfield>
  </datafield>
  <datafield tag="505" ind1="0" ind2=" ">
    <subfield code="t">Patentes y biotecnolog&#xED;a molecular en el TLC Colombia-Estados Unidos : una mirada a la Amazonia /</subfield>
    <subfield code="r">Alejandro Chaparro-Giraldo. --</subfield>
    <subfield code="t">Why climate is dependent of biodiversity /</subfield>
    <subfield code="r">Peter Bunyard. --</subfield>
    <subfield code="g">El</subfield>
    <subfield code="t">turismo : &#xBF;Una nueva bonanza en la Amazonia? /</subfield>
    <subfield code="r">Germ&#xE1;n I. Ochoa. --</subfield>
    <subfield code="g">El</subfield>
    <subfield code="t">TLC con Estados Unidos : propiedad intelectual y medicamentos /</subfield>
    <subfield code="r">Consuelo Ahumada Beltr&#xE1;n. --</subfield>
    <subfield code="t">TLCAN y pueblos ind&#xED;genas en M&#xE9;xico, efectos en la organizaci&#xF3;n y el movimiento campesino /</subfield>
    <subfield code="r">Carlos Uriel del Carpio Penagos. --</subfield>
    <subfield code="t">Surgimiento de sentidos de etnicidad, nacionalidad y trasnacionalidad en  la frontera amaz&#xF3;nica de Brasil, Per&#xFA; y Colombia /</subfield>
    <subfield code="r">Carlos G. Z&#xE1;rate Bot&#xED;a. --</subfield>
    <subfield code="t">Frontera, turismo y modernidad en el relato de la globalidad, algunos reflejos en la Amazonia /</subfield>
    <subfield code="r">Isabel Rodr&#xED;guez y Jorge Aponte. --</subfield>
    <subfield code="t">Espacio, l&#xED;mites  y olores : &#xBF;una mira&#xF1;a sin fronteras? /</subfield>
    <subfield code="r">Dimitri Karadimas. --</subfield>
    <subfield code="t">Din&#xE1;micas fronterizas Andino-Amaz&#xF3;nica : impactos en la vecindad  y en la integraci&#xF3;n. Una mirada desde Colombia. /</subfield>
    <subfield code="r">Socorro Ram&#xED;rez. --</subfield>
    <subfield code="t">Amazon&#xED;a : por una selva urbanizada /</subfield>
    <subfield code="r">Bertha K. Becker. --</subfield>
    <subfield code="t">Sobre la integraci&#xF3;n fronteriza amaz&#xF3;nica /</subfield>
    <subfield code="r">Armando Lude&#xF1;a.</subfield>
  </datafield>
  <datafield tag="546" ind1=" " ind2=" ">
    <subfield code="a">Texto en espa&#xF1;ol y un cap&#xED;tulo en ingl&#xE9;s.</subfield>
  </datafield>
  <datafield tag="650" ind1="2" ind2="6">
    <subfield code="a">Globalizaci&#xF3;n.</subfield>
    <subfield code="x">Aspectos econ&#xF3;micos</subfield>
    <subfield code="z">Amazon&#xED;a (Regi&#xF3;n, Colombia)</subfield>
  </datafield>
  <datafield tag="650" ind1="2" ind2="6">
    <subfield code="a">Biodiversidad</subfield>
    <subfield code="z">Amazon&#xED;a (Regi&#xF3;n, Colombia)</subfield>
  </datafield>
  <datafield tag="650" ind1="2" ind2="6">
    <subfield code="a">Integraci&#xF3;n economica</subfield>
    <subfield code="z">Amazon&#xED;a (Regi&#xF3;n, Colombia)</subfield>
  </datafield>
  <datafield tag="651" ind1=" " ind2="4">
    <subfield code="a">Amazon&#xED;a (Regi&#xF3;n, Colombia)</subfield>
    <subfield code="x">Desarrollo econ&#xF3;mico</subfield>
  </datafield>
  <datafield tag="700" ind1="1" ind2=" ">
    <subfield code="a">Ahumada Beltr&#xE1;n, Mar&#xED;a Consuelo</subfield>
    <subfield code="d">1954- </subfield>
    <subfield code="e">editora</subfield>
  </datafield>
  <datafield tag="700" ind1="1" ind2=" ">
    <subfield code="a">Z&#xE1;rate-Bot&#xED;a, Carlos Gilberto</subfield>
    <subfield code="e">editor</subfield>
  </datafield>
  <datafield tag="942" ind1=" " ind2=" ">
    <subfield code="2">ddc</subfield>
    <subfield code="c">LIBRO</subfield>
  </datafield>
  <datafield tag="999" ind1=" " ind2=" ">
    <subfield code="c">19944</subfield>
    <subfield code="d">19944</subfield>
  </datafield>
  <datafield tag="952" ind1=" " ind2=" ">
    <subfield code="0">0</subfield>
    <subfield code="1">0</subfield>
    <subfield code="2">ddc</subfield>
    <subfield code="4">0</subfield>
    <subfield code="7">0</subfield>
    <subfield code="8">GENERAL</subfield>
    <subfield code="a">Bogota</subfield>
    <subfield code="b">Bogota</subfield>
    <subfield code="d">2017-11-02</subfield>
    <subfield code="l">0</subfield>
    <subfield code="o">LB-338.911 S35I</subfield>
    <subfield code="p">043281</subfield>
    <subfield code="r">2017-11-02 00:00:00</subfield>
    <subfield code="t">Ej. 1</subfield>
    <subfield code="w">2017-11-02</subfield>
    <subfield code="x">Donacion</subfield>
    <subfield code="y">LIBRO</subfield>
  </datafield>
</record>
